Hadestown - Why do we Build the Wall - Missing Lyrics - Statistics

General Stats
  • This quiz has been taken 268 times
  • The average score is 24 of 24
Answer Stats
% Correct
And the wall keeps out the {enemy}
100%
And the wall keeps out the {enemy}
100%
And the wall keeps out the {enemy}
100%
And we build the wall to keep us {free}
100%
And we build the wall to keep us {free}
100%
And we build the wall to keep us {free}
100%
And we build the wall to keep us {free}
100%
How does the wall keep us {free}?
100%
The wall keeps out the {enemy}
100%
We build the wall to keep us {free}
100%
We build the wall to keep us {free}
100%
We build the wall to keep us {free}
100%
We build the wall to keep us {free}
100%
We build the wall to keep us {free}
100%
We build the wall to keep us {free}
100%
We build the wall to keep us {free}
100%
Who do we call the {enemy}?
100%
The {enemy} is {poverty}
99%
The {enemy} is {poverty}
99%
The {enemy} is {poverty}
99%
We have a {wall} to work upon
97%
And our work is never {done}, my children, my children
96%
We have work and they have {none}
92%
And the war is never {won}
90%
No matching quizzes found
Score Distribution
Percent of People with Each Score
Percentile by Number Answered
Your Score History
You have not taken this quiz